00329nam a2200121Ia 4500008004100000041000800041082001600049100002000065245004500085260003500130300003000165365001200195240624s9999 xx 000 0 und d aeng a658.406 JOY aJOYCE WILLIAM F aMEGA CHANGE HOW TODAY S LEADING COMPANIE c1999aNew YorkbThe Free Press axi, : 242 : p. : cm. ; 24 cBPSb35